| 000 | 01278nam a2200217Ia 4500 | ||
|---|---|---|---|
| 003 | Ost | ||
| 005 | 20260416102358.0 | ||
| 008 | 260416s9999||||xx |||||||||||||| ||und|| | ||
| 040 | _cfsecg | ||
| 041 | _aara | ||
| 082 | _a338.5 | ||
| 100 |
_aلوزري، نادية _eمؤلف |
||
| 245 | 0 |
_a الاقتصاد الجزئي1 : _b الاقتصاد الجزئي1 / _c نادية لوزري |
|
| 260 |
_aالجزائر _bجامعة الجزائر3: كلية العلوم الإقتصادية، العلوم التجارية وعلوم التسيير _c2021 |
||
| 300 |
_a131 ورقة _bايضاحات _c30 سم |
||
| 504 | _aمراجع ص. 129 | ||
| 520 | _aالاقتصاد و المشكلة الاقتصادية ، نظرية الطلب و العرض ، قياس المرونات ، توازن السوق و تطبيقاته ، نظرية المستهلك ، نظرية المنتج . | ||
| 653 | _aالاقتصاد الجزئي | ||
| 710 |
_aجامعة الجزائر3: كلية العلوم الإقتصادية، العلوم التجارية وعلوم التسيير _eناشر علمي |
||
| 942 | _cHANDOUT | ||
| 999 |
_c41295 _d41295 |
||